000
00289nam a2200121Ia 4500
008
190216s9999||||xx |||||||||||||| ||und||
100
_a
Sivasankar Patnaik
245
0
_a
Hindi - Aadarsha Nariyam
260
_b
Duke University Press
_c
2006
300
_a
120
650
_a
Hindi
942
_c
BK
999
_c
16497
_d
16497